Name All United States Territories - Statistics

General Stats
  • This quiz has been taken 47 times
  • The average score is 7 of 14
Answer Stats
Answer % Correct
Guam
100%
Puerto Rico
100%
US Virgin Islands
100%
Northern Mariana Islands
81%
American Samoa
78%
Midway Atoll
44%
Wake Island
44%
Palmyra Atoll
33%
Baker Island
30%
Johnston Atoll
30%
Howland Island
26%
Jarvis Island
22%
Navassa Island
22%
Kingman Reef
19%
No matching quizzes found
Score Distribution
Percent of People with Each Score
Percentile by Number Answered
Your Score History
You have not taken this quiz